1647 1911 1716 2000 1819 1150 1237 1971 1570 1188 1599 1830 1172 1081 1118 1706 1567 1366 1087 1797 1564 1158 1320 1450 1312 1974 1168 1334 1171 1823 1549 1054 1145 1398 1786 1139 1142 1150 1426 1352 1238 1648 1129 1748 1399 1591 1098 1063 1065 1476 1657 1201 1914 1261 1952 1077 1940 1597 1709 1370 1915 1056 1606 1256 1582 1524 1348 1037 1076 1601 1913 1218 1403 1922 1159 1220 1252 1085 1396 1530 1074 1216 1779 1684 1552 1884 1963 1316 1917 1478 1529 1148 1975 1640 1577 1349 1223 1073 1818 BCNSPRNW ULIB Ver.6.0+V

เปลี่ยนเป็นภาษาไทย

Change to English
 แสดงรายละเอียดบรรณานุกรม
  กลับหน้าหลัก

Brief Record : Get Marc (ISO 2709) : E-mail record : QR code < ปิดหน้าต่าง
LEADER : 00000nam 2200000uu 4500
001    13399126847
003     ULIB
008    020711s|||| th a 000 0 tha d
060    วจ^aWY18^bน614ผ
100    ^aนิธิมา สุภารี
245    ^aผลงานวิจัย เรื่อง การพัฒนารูปแบบการจัดการเรียนการสอนเพื่อเพิ่มผลสัมฤทธิ์ทางการเรียนและพัฒนาทักษะที่จำเป็นในศตวรรษที่ 21 ในรายวิชาการพยาบาลบุคคลที่มีปัญหาสุขภาพ 2,3 ของนักศึกษาพยาบาล.
260    ^aนครสวรรค์ :^bวิทยาลัยพยาบาลบรมราชชนนีสวรรค์ประชารักษ์ นครสวรรค์,^cม.ป.ป.
300    ^a45 หน้า;^b30 ซม.
650    ^aพยาบาล^xการเรียนการสอน
945    ^p0^l0^i005506
999    ^aประนอม เกษจรัล
รายการนี้ยังไม่มีแท็ก
คุณยังไม่ได้ล็อกอิน คุณสามารถมีกิจกรรมร่วมกับเว็บไซต์ได้ แต่ต้องล็อกอินก่อน ::
  ล็อกอิน

รายการสื่อสารสนเทศ

ลำดับที่ ประเภท เลขเรียก/บาร์โค้ด สถานที่ สถานะ
1. Book การพยาบาล
Book การพยาบาล
วจ WY18 น614ผ ฉ.1 
  Barcode: 005506
ห้องสมุดวิทยาเขตสวรรค์ประชารักษ์
►หนังสือทั่วไป
บนชั้น

BibComment


ยังไม่เคยถูกคอมเมนท์

คอมเมนท์ทรัพยากรรายการนี้
  คอมเมนท์: ผลงานวิจัย เรื่อ..


 Copyright 2026. Bcnsprnw @Library